header

The stamp of class (Record no. 5994)

MARC details
000 -LEADER
fixed length control field 01674nam a2200385 a 4500
001 - CONTROL NUMBER
control field ebr10275530
003 - CONTROL NUMBER IDENTIFIER
control field CaPaEBR
006 - FIXED-LENGTH DATA ELEMENTS--ADDITIONAL MATERIAL CHARACTERISTICS--GENERAL INFORMATION
fixed length control field m u
007 - PHYSICAL DESCRIPTION FIXED FIELD--GENERAL INFORMATION
fixed length control field cr cn|||||||||
008 - FIXED-LENGTH DATA ELEMENTS--GENERAL INFORMATION
fixed length control field 050608s2006 miu sb s001 0 eng
010 ## - LIBRARY OF CONGRESS CONTROL NUMBER
Canceled/invalid LC control number 2005016613
020 ## - INTERNATIONAL STANDARD BOOK NUMBER
Cancelled/invalid ISBN 0472099175 (acid-free paper)
Cancelled/invalid ISBN 0472069179 (pbk. : acid-free paper)
040 ## - CATALOGING SOURCE
Original cataloging agency CaPaEBR
Transcribing agency CaPaEBR
035 ## - SYSTEM CONTROL NUMBER
System control number (OCoLC)646796083
043 ## - GEOGRAPHIC AREA CODE
Geographic area code n-us---
-- e-uk---
050 14 - LIBRARY OF CONGRESS CALL NUMBER
Classification number PS310.W67
Item number .L46 2006eb
100 1# - MAIN ENTRY--PERSONAL NAME
Personal name Lenhart, Gary.
245 14 - TITLE STATEMENT
Title The stamp of class
Medium [electronic resource] :
Remainder of title reflections on poetry and social class /
Statement of responsibility, etc Gary Lenhart.
260 ## - PUBLICATION, DISTRIBUTION, ETC. (IMPRINT)
Place of publication, distribution, etc Ann Arbor :
Name of publisher, distributor, etc University of Michigan Press,
Date of publication, distribution, etc c2006.
300 ## - PHYSICAL DESCRIPTION
Extent xviii, 152 p.
504 ## - BIBLIOGRAPHY, ETC. NOTE
Bibliography, etc Includes bibliographical references (p. 137-145) and index.
533 ## - REPRODUCTION NOTE
Type of reproduction Electronic reproduction.
Place of reproduction Palo Alto, Calif. :
Agency responsible for reproduction ebrary,
Date of reproduction 2013.
Note about reproduction Available via World Wide Web.
-- Access may be limited to ebrary affiliated libraries.
600 10 - SUBJECT ADDED ENTRY--PERSONAL NAME
Personal name Whitman, Walt,
Dates associated with a name 1819-1892
General subdivision Political and social views.
Personal name Yearsley, Ann,
Dates associated with a name 1753-1806
General subdivision Criticism and interpretation.
Personal name Duck, Stephen,
Dates associated with a name 1705-1756
General subdivision Criticism and interpretation.
650 #0 - SUBJECT ADDED ENTRY--TOPICAL TERM
Topical term or geographic name as entry element American poetry
Chronological subdivision 20th century
General subdivision History and criticism.
Topical term or geographic name as entry element Working class in literature.
Topical term or geographic name as entry element Literature and society
Geographic subdivision English-speaking countries.
Topical term or geographic name as entry element Working class writings
General subdivision History and criticism.
Topical term or geographic name as entry element Social classes in literature.
655 #7 - INDEX TERM--GENRE/FORM
Genre/form data or focus term Electronic books.
Source of term local
710 2# - ADDED ENTRY--CORPORATE NAME
Corporate name or jurisdiction name as entry element ebrary, Inc.
856 40 - ELECTRONIC LOCATION AND ACCESS
Uniform Resource Identifier <a href="http://site.ebrary.com/lib/rucke/Doc?id=10275530">http://site.ebrary.com/lib/rucke/Doc?id=10275530</a>
Public note An electronic book accessible through the World Wide Web; click to view

No items available.

© 2026 Rongo University
Contact us: librarian | system librarian | Rongo university